Normal view
MARC view
- Visulization in Python
Entry Topical Term
001 - CONTROL NUMBER
- control field: 6582
003 - CONTROL NUMBER IDENTIFIER
- control field: JO-AjAnu
005 - DATE AND TIME OF LATEST TRANSACTION
- control field: 20230606071351.0
008 - FIXED-LENGTH DATA ELEMENTS
- fixed length control field: 230606|| aca||aabn | a|a d
040 ## - CATALOGING SOURCE
- Original cataloging agency: JO-AjAnu
- Transcribing agency: JO-AjAnu
150 ## - HEADING--TOPICAL TERM
- Topical term or geographic name entry element: Visulization in Python
670 ## - SOURCE DATA FOUND
- Source citation: Work cat.: (JO-AjAnu)3411: Landup, David , author 6581, Data Visulization in Python With Pandas and Matplotlib: Practical, hands-on، straighforward guide to understanding and performing data visualization and Exploration using python، Pandas and Matplotlib